| 000 | 01499cam a22004573a 4500 | ||
|---|---|---|---|
| 001 | 13182 | ||
| 003 | PGUSA | ||
| 005 | 20140828083302.0 | ||
| 008 | 040815s2004||||xxu|||||s|||||000 | eng d | ||
| 040 |
_aPGUSA _beng |
||
| 042 | _adc | ||
| 050 | 4 | _aP | |
| 245 | 1 | 0 |
_aPrefaces and Prologues to Famous Books : _bwith Introductions, Notes and Illustrations _h[electronic resource] |
| 260 |
_bProject Gutenberg, _c2004 |
||
| 500 | _aSeries: Harvard Classics, Volume 39 | ||
| 506 | _aPublic domain in the USA. | ||
| 516 | _aElectronic text | ||
| 653 | _aPrefaces | ||
| 700 | 1 |
_aCalvin, Jean, _d1509-1564 |
|
| 700 | 1 |
_aCaxton, William, _d-1491 |
|
| 700 | 1 |
_aRaleigh, Walter, _d-1618 |
|
| 700 | 1 |
_aHeminge, John, _d-1630 |
|
| 700 | 1 |
_aSpenser, Edmund, _d1551-1599 |
|
| 700 | 1 |
_aNewton, Isaac, _cSir, _d1642-1727 |
|
| 700 | 1 |
_aCondell, Henry, _d-1627 |
|
| 700 | 1 |
_aWhitman, Walt, _d1819-1892 |
|
| 700 | 1 |
_aDryden, John, _d1631-1700 |
|
| 700 | 1 |
_aKnox, John, _d-1572 |
|
| 700 | 1 |
_aFielding, Henry, _d1707-1754 |
|
| 700 | 1 |
_aHugo, Victor, _d1802-1885 |
|
| 700 | 1 |
_aTaine, Hippolyte, _d1828-1893 |
|
| 700 | 1 |
_aEliot, Charles William, _d1834-1926 |
|
| 700 | 1 |
_aCopernicus, Nicolaus, _d1473-1543 |
|
| 700 | 1 |
_aWordsworth, William, _d1770-1850 |
|
| 700 | 1 |
_aBacon, Francis, _d1561-1626 |
|
| 700 | 1 |
_aGoethe, Johann Wolfgang von, _d1749-1832 |
|
| 700 | 1 |
_aJohnson, Samuel, _d1709-1784 |
|
| 830 | 0 |
_aProject Gutenberg _v13182 |
|
| 856 | 4 | 0 | _uhttp://www.gutenberg.org/ebooks/13182 |
| 942 | _cEB | ||
| 999 |
_c242437 _d242437 |
||